Word Ladder: Jellystone Mammal Quiz Stats

 Plays Quiz Updated May 26, 2012

     
Support Sporcle.
Go Orange.
Score 0/11 Timer 01:00
1 Play Today
Clue 4-Letter Word % Correct
Carbonated soft drinkSODA
95.8%
Small, green Jedi from Star WarsYODA
95.5%
Couch with back and armsSOFA
93.9%
Smooth to the touchSOFT
92.3%
A small water craftBOAT
88.6%
Black particles in smokeSOOT
87.6%
Hindu discipline for uniting self with supreme spirit by exercisesYOGA
87.4%
Kick with the foot BOOT
82.2%
With [Last Rung], Large brown mammal with a green hat and tie•YOGI•
81.7%
With [First Rung], Large brown mammal with a green hat and tie•BEAR•
77.8%
Strike violentlyBEAT
74%

Today's Daily Dose

Missing Word
5 Actors, 1 Role V

Word Ladder
MLB Hall of Fame

Quick Pick
Movies of 1995

Get the Picture
Colorful Actors

From the Vault

Sporcle Categorical Literature

by Pushcake

It's best to do this quiz by the book.
Remove Ads.
Support Sporcle.
Get the best of Sporcle when you Go Orange. This ad-free experience offers more features, more stats, and more fun while also helping to support Sporcle. Thank you for becoming a member.

Show Comments

Extras

Top Quizzes Today


Score Distribution

Your Account Isn't Verified!

In order to create a playlist on Sporcle, you need to verify the email address you used during registration. Go to your Sporcle Settings to finish the process.

Report this User

Report this user for behavior that violates our Community Guidelines.

Details: